Successful parenting : Teaching good behavior
| Format: | Book |
|---|---|
| Published: |
Virginia :
Time-Life Books ,
1987
|
| Series: | Successful parenting
|
| Subjects: |
MARC
| LEADER | 00000cam a2200000 7i4500 | ||
|---|---|---|---|
| 001 | 0000004532 | ||
| 002 | 000004887 | ||
| 005 | 20000330.0 | ||
| 020 | |a 0809459337 | ||
| 090 | 0 | 0 | |a 649 |b SUC |
| 245 | 0 | 0 | |a Successful parenting : |b Teaching good behavior |
| 260 | |a Virginia : |b Time-Life Books , |c 1987 | ||
| 300 | |a 144p. : |b ill ; |c 25cm. | ||
| 490 | 0 | |a Successful parenting | |
| 500 | |a Library has six titles in this series | ||
| 650 | 0 | 0 | |a Child rearing |
| 650 | 0 | 0 | |a Dicipline of children |
| 650 | 0 | 0 | |a Parent and child |
| 999 | |a 015353 |b BUKU |c PINJAMAN |e PERPUSTAKAAN KOMUNITI PETALING JAYA | ||